| 000 | 01287cam a2200337 a 4500 | ||
|---|---|---|---|
| 001 | 16267385 | ||
| 005 | 20141202124235.0 | ||
| 008 | 100604t2011 xxua frb 001 0 eng d | ||
| 010 | _a2010930107 | ||
| 020 | _a9780324789423 | ||
| 020 | _a9780324789416 (hbk.) | ||
| 020 | _a0324789416 | ||
| 040 |
_aDLC _cDLC _dEG-ScBUE |
||
| 082 | 0 | 0 |
_222 _a657.3 _bWAH |
| 100 | 1 |
_aWahlen, James M. _936744 |
|
| 245 | 1 | 0 |
_aFinancial reporting, financial statement analysis, and valuation : _ba strategic perspective / _cJames M. Wahlen, Stephen P. Baginski, Mark T. Bradshaw. |
| 250 | _a7th ed. | ||
| 260 |
_aMason, United States : _bSouth-Western Cengage Learning, _cc.2011. |
||
| 300 |
_axxx, 1261 p. : _bill. ; _c26 cm. |
||
| 500 | _aRev. ed. of : Financial reporting, financial statement analysis, and valuation : a strategic perspective / Clyde P. Stickney, Paul R. Brown, James M. Wahlen. 6th ed. | ||
| 500 | _aIncludes appendixes. | ||
| 500 | _aIndex : p. 1247-1261. | ||
| 504 | _aIncludes bibliographical references. | ||
| 650 | 0 |
_aAccounting _99036 |
|
| 650 | 0 |
_aFinancial statements _94982 |
|
| 653 |
_bBUSADM _cDecember2014 |
||
| 655 |
_vreading book _934232 |
||
| 700 | 1 |
_aBaginski, Stephen P., _d1957- _936745 |
|
| 700 | 1 |
_aBradshaw, Mark T. _936746 |
|
| 942 |
_2ddc _k657.3 WAH |
||
| 999 |
_c18700 _d18672 |
||